000 002920000a22000970004500
100 1 _aCotter, Wendy J.
245 1 0 _aWomen's authority roles in Paul's churches : Countercultural or conventional?
300 _aVol. 34, Num 4 (1994), Páginas 350-372
773 0 _tNovum Testamentum
942 _cANA
999 _c56872
_d56872